000 00856cab a2200241 4500
001 ABS56289
008 090401t1996 xxu||||| |||| 00| 0 eng d
035 _a(Sirsi) u22573
041 _aeng
100 _aSalata, A.
245 _aAll change for 1997
260 _c1996
350 _a0
490 _aArbitrations Newsletter
_v(7) December 1996, 1,8(2)
520 _aExplains the major changes happening in dispute resolution, moving away from litigation and towards faster, simpler and fairer dispute resolution systems.
650 _aALTERNATIVE DISPUTE RESOLUTION
650 _aARBITRATION ACT 1996
650 _aDISPUTE RESOLUTION
_96236
650 _aRICS DISPUTE RESOLUTION SERVICE
690 _aMANAGEMENT-DISPUTE AVOIDANCE, MANAGEMENT AND RESOLUTION-DISPUTE MANAGEMENT AND RESOLUTION-ARBITRATION
942 _n0
948 _c04/03/1997
999 _c15127
_d15127